Legal Idioms - Statistics

General Stats
  • This quiz has been taken 1,054 times
  • The average score is 12 of 24
Answer Stats
Phrase % Correct
null and {void}
86%
{breaking} and entering
83%
beyond {reasonable} doubt
81%
assault and {battery}
79%
nothing but the {truth}
78%
signed, sealed, and {delivered}
78%
last will and {testament}
76%
beyond the {call} of duty
74%
cease and {desist}
73%
the burden of {proof}
70%
clear and present {danger}
68%
a jury of one's {peers}
66%
due {process} of law
59%
{fruit} of the poisonous tree
53%
with {malice} aforethought
35%
the state of the {Union}
33%
advice and {consent}
15%
full faith and {credit}
11%
good faith and fair {dealing}
10%
{goods} and chattels
7%
time, place, and {manner}
7%
dead {hand} of the past
5%
culpable and {reckless} conduct
3%
uttering and {publishing}
3%
No matching quizzes found
Score Distribution
Percent of People with Each Score
Percentile by Number Answered
Your Score History
You have not taken this quiz